[Event "Ortigueira op 1st"]
[Site "Ortigueira"]
[Date "2002.08.11"]
[Round "8"]
[White "Nieto Velado, Antonio"]
[Black "Penas Fuster, Jaime"]
[Result "1/2-1/2"]
[WhiteElo "2033"]
[BlackElo "2144"]
[PlyCount "100"]
[EventDate "2002.08.04"]
[EventType "swiss"]
[EventRounds "9"]
[EventCountry "ESP"]
[SourceTitle "CBM 089 Extra"]
[Source "ChessBase"]
[SourceDate "2002.09.10"]
[SourceVersion "2"]
[SourceVersionDate "2002.09.10"]
[SourceQuality "1"]

1. d4 f5 2. e4 fxe4 3. Nc3 Nf6 4. Bg5 Nc6 5. d5 Ne5 6. Qd4 Nf7 7. h4 e5 8. dxe6 dxe6 9. 0-0-0 Qxd4 10. Rxd4 Bd7 11. f3 0-0-0 12. Nxe4 Be7 13. Bc4 h6 14. Bd2 Nd6 15. Bb4 Nfxe4 16. fxe4 Bf6 17. e5 Bxe5 18. Rg4 Nxc4 19. Rxc4 Bc6 20. Nf3 Bf6 21. Bc3 Bd5 22. Rg4 Bxc3 23. bxc3 Bxf3 24. gxf3 g5 25. Re1 Rd6 26. Re5 Rf8 27. hxg5 hxg5 28. Rexg5 Rxf3 29. Rc4 Rf1+ 30. Kb2 Rf7 31. a4 Re7 32. Re4 Kd7 33. Kb3 a6 34. Kc4 c6 35. Rh5 Rd5 36. Rh6 e5 37. Kb4 b6 38. Kc4 Re6 39. Rh8 Re8 40. Rh6 Re6 41. Rh8 Rf6 42. Rb8 Kc7 43. Re8 Kd6 44. Kb4 Rf5 45. c4 c5+ 46. Kb3 Rd4 47. Re3 Rh5 48. c3 Kd7 49. R8xe5 Rxe5 50. Rxe5 Rh4 1/2-1/2

[Event "Ortigueira op 1st"]
[Site "Ortigueira"]
[Date "2002.08.08"]
[Round "5"]
[White "Caaveiro Prieto, Jesus"]
[Black "Nieto Velado, Antonio"]
[Result "0-1"]
[WhiteElo "1862"]
[BlackElo "2033"]
[PlyCount "88"]
[EventDate "2002.08.04"]
[EventType "swiss"]
[EventRounds "9"]
[EventCountry "ESP"]
[SourceTitle "CBM 089 Extra"]
[Source "ChessBase"]
[SourceDate "2002.09.10"]
[SourceVersion "2"]
[SourceVersionDate "2002.09.10"]
[SourceQuality "1"]

1. c4 Nf6 2. Nc3 g6 3. g3 d5 4. cxd5 Nxd5 5. Bg2 Nxc3 6. bxc3 Bg7 7. Qb3 Nd7 8. Nf3 0-0 9. Ba3 c5 10. 0-0 e5 11. d4 Qc7 12. dxc5 Re8 13. Ng5 Nf8 14. c6 bxc6 15. Rfd1 h6 16. Bd6 Qb7 17. Ne4 Ne6 18. Rab1 Qa6 19. e3 Kh7 20. h4 f5 21. Nd2 e4 22. Bf1 Qa5 23. Nc4 Qxc3 24. Qxc3 Bxc3 25. Ne5 Nd8 26. Nc4 Be6 27. Rdc1 Bg7 28. Rc2 Nf7 29. Bc5 Rad8 30. Na5 Ne5 31. Bd4 Nf3+ 32. Kg2 Bxd4 33. exd4 Nxd4 34. Nxc6 Nxc2 35. Nxd8 Rxd8 36. Rb7+ Rd7 37. Rb2 Ne1+ 38. Kg1 Nd3 39. Rd2 Nb4 40. Rxd7+ Bxd7 41. Bc4 Kg7 42. Kf1 Kf6 43. Ke2 Be6 44. Bb3 Nxa2 0-1

[Event "Ortigueira op 1st"]
[Site "Ortigueira"]
[Date "2002.08.08"]
[Round "6"]
[White "Nieto Velado, Antonio"]
[Black "Cruz Alvarez de Ron, Dan"]
[Result "1-0"]
[WhiteElo "2033"]
[BlackElo "2164"]
[PlyCount "127"]
[EventDate "2002.08.04"]
[EventType "swiss"]
[EventRounds "9"]
[EventCountry "ESP"]
[SourceTitle "CBM 089 Extra"]
[Source "ChessBase"]
[SourceDate "2002.09.10"]
[SourceVersion "2"]
[SourceVersionDate "2002.09.10"]
[SourceQuality "1"]

1. d4 g6 2. Nf3 Bg7 3. Bf4 d6 4. e3 Nd7 5. h3 e5 6. Bg5 Ne7 7. dxe5 Nxe5 8. c3 0-0 9. Nbd2 h6 10. Bh4 Qe8 11. Ne4 f5 12. Nxe5 dxe5 13. Qb3+ Kh8 14. Nc5 g5 15. Bg3 f4 16. Bh2 fxe3 17. f3 Qc6 18. Qb5 Bf5 19. Qxc6 bxc6 20. Bd3 Rad8 21. Ke2 Rd5 22. Ne4 Rfd8 23. Rad1 Ng6 24. Kxe3 Nf4 25. Bxf4 exf4+ 26. Ke2 Be5 27. Bc2 Kg7 28. Bb3 R5d7 29. Rxd7+ Rxd7 30. Ba4 Rd8 31. Rd1 Rb8 32. Rd2 Rb6 33. Bb3 Rb8 34. Nc5 Re8 35. Ne4 Bd6 36. Rd4 Bc5 37. Ra4 Be3 38. Bc2 Rd8 39. Bd3 Kg6 40. Rc4 Bb6 41. Rxc6+ Kg7 42. Nc5 Re8+ 43. Kd2 Rd8 44. Kc2 Bxc5 45. Bxf5 Bb6 46. Rg6+ Kf7 47. Rxh6 Rd6 48. Rxd6 cxd6 49. Kd3 Kf6 50. Be4 Ke5 51. Kc4 Be3 52. Bc6 Bc1 53. b4 Bd2 54. a4 Ke6 55. Kd4 Ke7 56. b5 Be3+ 57. Ke4 Kf6 58. a5 Ke6 59. Bb7 Bf2 60. Bc8+ Ke7 61. Kf5 Kd8 62. Be6 Bh4 63. b6 axb6 64. axb6 1-0

[Event "Ortigueira op 1st"]
[Site "Ortigueira"]
[Date "2002.08.05"]
[Round "2"]
[White "Nieto Velado, Antonio"]
[Black "Guerra Bastida, Diego"]
[Result "0-1"]
[WhiteElo "2033"]
[BlackElo "2352"]
[PlyCount "56"]
[EventDate "2002.08.04"]
[EventType "swiss"]
[EventRounds "9"]
[EventCountry "ESP"]
[SourceTitle "CBM 089 Extra"]
[Source "ChessBase"]
[SourceDate "2002.09.10"]
[SourceVersion "2"]
[SourceVersionDate "2002.09.10"]
[SourceQuality "1"]

1. d4 Nf6 2. Nf3 c5 3. e3 g6 4. Bd3 cxd4 5. exd4 d5 6. c3 Nc6 7. Bf4 Bg7 8. Qc1 Qb6 9. Nbd2 Bf5 10. Bxf5 gxf5 11. Nb3 Ne4 12. 0-0 0-0 13. Ng5 a5 14. Nxe4 fxe4 15. Nc5 Rfd8 16. Qe3 Rac8 17. Qg3 Kh8 18. Na4 Qb5 19. b3 Rg8 20. Qh3 e5 21. dxe5 Nxe5 22. Bxe5 Bxe5 23. Qf5 d4 24. Qxe4 dxc3 25. f4 Bf6 26. Rac1 Qc6 27. Qc2 b5 28. Nxc3 Qxc3 0-1